Statistiques concernant Culture Générale - Série 2359

Cliquez ici pour prendre le quiz!

Statistiques générales

  • Ce quiz a été pris 58 fois
  • Le résultat moyen est 5 sur 10

Statistiques - réponses

QuestionRéponse% Correct
Ce mot désigne un titre de noblesse ou un oiseau nocturneduc
84%
Quel mot peut-on associer à "girofle","spectacle", "tapissier" ?clou
82%
Comment se nomme le roi dans la pièce de Shakespeare du même nom ?Lear
69%
De quel état des Etats Unis Phoenix est-elle la capitale ?Arizona
69%
Comment se nomme l'avare dans la pièce de Molière du même nom ?Harpagon
65%
Adjectif signifiant "Que rend incertain, dans l'avenir, l'intervention du hasard" - 9 lettres commençant par " a "aléatoire
51%
Petite difficulté qui accroche, arrête - synonyme de "incident " - 9 lettres commençant par " a "anicroche
45%
Ce nom désigne une chute d'eau ou un trouble de la visioncataracte
44%
Chaussure montante de marche, lacée sur le cou-de-pied - 9 lettres commençant par " b " - voir photobrodequin
16%
Chez les marins, comment appelle-t-on un vent du nord-ouest ?noroit
11%

Distribution des résultats

Percentile par nombre de réponses

% des personnes avec chaque résultat

Votre développement - résultats

Vous n’avez pas pris ce quiz